1718 1983 1738 1791 1227 1962 1686 1930 1482 1482 1469 1380 1366 1311 1006 1891 1700 1598 1695 1344 1810 1819 1382 1957 1856 1457 1115 1928 1334 1485 1117 1065 1250 1254 1052 1866 1904 1357 1432 1150 1753 1612 1444 1350 1777 1118 1212 1711 1848 1406 1563 1762 1956 1753 1432 1675 1509 1053 1827 1731 1238 1498 1033 1913 1173 1782 1589 1203 1662 1932 1859 1279 1894 1321 1736 1323 1902 1425 1029 1817 1655 1940 1141 1789 1099 1898 1327 1325 1508 1941 1698 1218 1085 1534 1980 1318 1949 1879 1401 BCNSPRNW ULIB Ver.6.0+V

เปลี่ยนเป็นภาษาไทย

Change to English
 แสดงรายละเอียดบรรณานุกรม
  กลับหน้าหลัก

Brief Record : Get Marc (ISO 2709) : E-mail record : QR code < ปิดหน้าต่าง
LEADER : 00000nam 2200000uu 4500
001    13399128938
003     ULIB
008    241030s2023||||th 000 0 tha d
020    ^a9781009275194 (pbk.)
050  4 ^aPE1128^bI22
245 00 ^aIELTS 18 general training :^bwith answers, authenticpractice tests /^c[Cambridge University Press]
260    ^aCambridge :^bCambridge University Press,^c2023
300    ^a144 p. :^bill. ;^c25 cm.
650  0 ^aInternational English Language Testing System^vStudyguides
650  0 ^aEnglish language^vTextbooks for foreign speakers
650  0 ^aEnglish language^xStudy and teaching
650  0 ^aEnglish language^xExaminations^vStudy guides
650  0 ^aEnglish language^vProblems, exercises, etc.
653    ^aIELTS
945    ^p989^l0^i011192
999    ^aประนอม เกษจรัล
รายการนี้ยังไม่มีแท็ก
คุณยังไม่ได้ล็อกอิน คุณสามารถมีกิจกรรมร่วมกับเว็บไซต์ได้ แต่ต้องล็อกอินก่อน ::
  ล็อกอิน

รายการสื่อสารสนเทศ

ลำดับที่ ประเภท เลขเรียก/บาร์โค้ด สถานที่ สถานะ
1. การศึกษาทั่วไป
หนังสือสำรอง
สถานะ=หนังสือสำรอง
PE1128 I22 ฉ.1 
  Barcode: 011192
ห้องสมุดวิทยาเขตสวรรค์ประชารักษ์
►หนังสือทั่วไป
บนชั้น

BibComment


ยังไม่เคยถูกคอมเมนท์

คอมเมนท์ทรัพยากรรายการนี้
  คอมเมนท์: IELTS 18 general..


 Copyright 2026. Bcnsprnw @Library